Elenco comuni italiani - lettera F - Statistics

Statistiche generali
  • Questo quiz è stato fatto 31 volte
  • Il punteggio medio è 46 su 299
Statistiche sulle risposte
Comune Provincia Regione Abitanti % Corretto
Firenze (capoluogo di provincia) Toscana 368419
89%
Forlì (capoluogo di provincia) Emilia-Romagna 117407
89%
Frosinone (capoluogo di provincia) Lazio 44491
89%
Fermo (capoluogo di provincia) Marche 36168
83%
Faenza Ravenna Emilia-Romagna 59063
78%
Ferrara (capoluogo di provincia) Emilia-Romagna 131669
78%
Foggia (capoluogo di provincia) Puglia 147467
78%
Forlimpopoli Forlì-Cesena Emilia-Romagna 13099
78%
Fano Pesaro e Urbino Marche 60136
72%
Fossa L'Aquila Abruzzo 695
72%
Frascati Roma Lazio 22624
72%
Formia Latina Lazio 37341
67%
Falconara Marittima Ancona Marche 25727
61%
Fasano Brindisi Puglia 38890
61%
Feltre Belluno Veneto 20491
61%
Fidenza Parma Emilia-Romagna 26987
61%
Fiesole Firenze Toscana 13845
61%
Foligno Perugia Umbria 55831
61%
Fossano Cuneo Piemonte 24333
61%
Frattamaggiore Napoli Campania 28828
61%
Fucecchio Firenze Toscana 22990
61%
Favignana Trapani Sicilia 4270
56%
Fiumicino Roma Lazio 79995
56%
Fortezza Bolzano Trentino-Alto Adige 1026
56%
Francavilla Fontana Brindisi Puglia 35324
56%
Fabriano Ancona Marche 29484
50%
Ferentino Frosinone Lazio 20247
50%
Fiorenzuola d'Arda Piacenza Emilia-Romagna 14947
50%
Fiuggi Frosinone Lazio 10119
50%
Flero Brescia Lombardia 8871
50%
Fondi Latina Lazio 39237
50%
Forte dei Marmi Lucca Toscana 7217
50%
Fossò Venezia Veneto 7053
50%
Fusignano Ravenna Emilia-Romagna 8082
50%
Falcade Belluno Veneto 1860
44%
Fiano Torino Piemonte 2640
44%
Follo Spezia Liguria 6203
44%
Foppolo Bergamo Lombardia 172
44%
Felino Parma Emilia-Romagna 9151
39%
Filettino Frosinone Lazio 507
39%
Fiumara Reggio Calabria Calabria 871
39%
Follonica Grosseto Toscana 20648
39%
Formello Roma Lazio 13249
39%
Fallo Chieti Abruzzo 121
33%
Fiano Romano Roma Lazio 15722
33%
Ficarra Messina Sicilia 1331
33%
Fonte Treviso Veneto 5989
33%
Formigine Modena Emilia-Romagna 34541
33%
Finale Emilia Modena Emilia-Romagna 15047
28%
Finale Ligure Savona Liguria 11304
28%
Firenzuola Firenze Toscana 4499
28%
Fiumefreddo di Sicilia Catania Sicilia 9086
28%
Fontana Liri Frosinone Lazio 2757
28%
Frattaminore Napoli Campania 15461
28%
Fabrica di Roma Viterbo Lazio 8094
22%
Falcone Messina Sicilia 2703
22%
Fara in Sabina Rieti Lazio 13738
22%
Favara Agrigento Sicilia 31821
22%
Fenestrelle Torino Piemonte 483
22%
Ficarazzi Palermo Sicilia 12768
22%
Filadelfia Vibo Valentia Calabria 4960
22%
Floridia Siracusa Sicilia 21561
22%
Force Ascoli Piceno Marche 1175
22%
Fossacesia Chieti Abruzzo 6215
22%
Fossalto Campobasso Molise 1198
22%
Fossombrone Pesaro e Urbino Marche 9123
22%
Fragagnano Taranto Puglia 5066
22%
Francavilla al Mare Chieti Abruzzo 25677
22%
Francavilla di Sicilia Messina Sicilia 3636
22%
Funes Bolzano Trentino-Alto Adige 2560
22%
Fabro Terni Umbria 2648
17%
Felizzano Alessandria Piemonte 2142
17%
Ferla Siracusa Sicilia 2349
17%
Fiavé Trento Trentino-Alto Adige 1103
17%
Fiè allo Sciliar Bolzano Trentino-Alto Adige 3650
17%
Fiesse Brescia Lombardia 1985
17%
Fiesso d'Artico Venezia Veneto 8465
17%
Fiorano Modenese Modena Emilia-Romagna 16988
17%
Floresta Messina Sicilia 447
17%
Fontanella Bergamo Lombardia 4712
17%
Forchia Benevento Campania 1197
17%
Fumone Frosinone Lazio 2002
17%
Furnari Messina Sicilia 3753
17%
Fuscaldo Cosenza Calabria 7905
17%
Fabrizia Vibo Valentia Calabria 2005
11%
Faeto Foggia Puglia 616
11%
Fagagna Udine Friuli-Venezia Giulia 6055
11%
Faggiano Taranto Puglia 3418
11%
Faicchio Benevento Campania 3376
11%
Fai della Paganella Trento Trentino-Alto Adige 914
11%
Falciano del Massico Caserta Campania 3358
11%
Faleria Viterbo Lazio 1984
11%
Falerna Catanzaro Calabria 3748
11%
Fénis Aosta Valle d'Aosta 1778
11%
Ferno Varese Lombardia 6765
11%
Ferrandina Matera Basilicata 8137
11%
Ferrara di Monte Baldo Verona Veneto 250
11%
Ficarolo Rovigo Veneto 2197
11%
Fivizzano Massa-Carrara Toscana 7300
11%
Folgaria Trento Trentino-Alto Adige 3150
11%
Folignano Ascoli Piceno Marche 8916
11%
Fontanafredda Pordenone Friuli-Venezia Giulia 12697
11%
Fontanile Asti Piemonte 524
11%
Fontegreca Caserta Campania 767
11%
Fonteno Bergamo Lombardia 553
11%
Fonte Nuova Roma Lazio 32139
11%
Forcola Sondrio Lombardia 770
11%
Foresto Sparso Bergamo Lombardia 3045
11%
Forio Napoli Campania 17410
11%
Formicola Caserta Campania 1356
11%
Formigara Cremona Lombardia 1008
11%
Fornace Trento Trentino-Alto Adige 1319
11%
Fornovo di Taro Parma Emilia-Romagna 5906
11%
Foza Vicenza Veneto 662
11%
Francavilla d'Ete Fermo Marche 946
11%
Francavilla in Sinni Potenza Basilicata 3987
11%
Francofonte Siracusa Sicilia 11908
11%
Francolise Caserta Campania 4635
11%
Frassilongo Trento Trentino-Alto Adige 342
11%
Frassinelle Polesine Rovigo Veneto 1370
11%
Frassinetto Torino Piemonte 274
11%
Frassino Cuneo Piemonte 264
11%
Frasso Telesino Benevento Campania 2102
11%
Fratta Polesine Rovigo Veneto 2542
11%
Fratte Rosa Pesaro e Urbino Marche 882
11%
Frignano Caserta Campania 9034
11%
Frisa Chieti Abruzzo 1634
11%
Front Torino Piemonte 1627
11%
Frontino Pesaro e Urbino Marche 291
11%
Frontone Pesaro e Urbino Marche 1222
11%
Fumane Verona Veneto 4102
11%
Furore Salerno Campania 719
11%
Fusine Sondrio Lombardia 552
11%
Futani Salerno Campania 1094
11%
Fabbrica Curone Alessandria Piemonte 594
6%
Fabbriche di Vergemoli Lucca Toscana 751
6%
Fabbrico Reggio Emilia Emilia-Romagna 6618
6%
Faedis Udine Friuli-Venezia Giulia 2801
6%
Faedo Valtellino Sondrio Lombardia 534
6%
Faggeto Lario Como Lombardia 1169
6%
Fagnano Alto L'Aquila Abruzzo 381
6%
Fagnano Castello Cosenza Calabria 3472
6%
Fagnano Olona Varese Lombardia 12350
6%
Falconara Albanese Cosenza Calabria 1416
6%
Falerone Fermo Marche 3138
6%
Faloppio Como Lombardia 4795
6%
Falvaterra Frosinone Lazio 540
6%
Falzes Bolzano Trentino-Alto Adige 2912
6%
Fanna Pordenone Friuli-Venezia Giulia 1490
6%
Fara Filiorum Petri Chieti Abruzzo 1936
6%
Fara Gera d'Adda Bergamo Lombardia 7968
6%
Fara Novarese Novara Piemonte 1977
6%
Fara San Martino Chieti Abruzzo 1312
6%
Fara Vicentino Vicenza Veneto 3720
6%
Fascia Genova Liguria 70
6%
Feletto Torino Piemonte 2178
6%
Felitto Salerno Campania 1163
6%
Fermignano Pesaro e Urbino Marche 8290
6%
Ferrazzano Campobasso Molise 3181
6%
Ferriere Piacenza Emilia-Romagna 1137
6%
Fiastra Macerata Marche 642
6%
Ficulle Terni Umbria 1583
6%
Fierozzo Trento Trentino-Alto Adige 481
6%
Fiesso Umbertiano Rovigo Veneto 3891
6%
Figline e Incisa Valdarno Firenze Toscana 23316
6%
Filetto Chieti Abruzzo 884
6%
Filottrano Ancona Marche 9034
6%
Firmo Cosenza Calabria 1888
6%
Fiscaglia Ferrara Emilia-Romagna 8493
6%
Fisciano Salerno Campania 13756
6%
Fiumefreddo Bruzio Cosenza Calabria 2769
6%
Flumeri Avellino Campania 2626
6%
Foglianise Benevento Campania 3233
6%
Foiano della Chiana Arezzo Toscana 9224
6%
Foiano di Val Fortore Benevento Campania 1357
6%
Follina Treviso Veneto 3658
6%
Fontanarosa Avellino Campania 2880
6%
Fontanelle Treviso Veneto 5654
6%
Fontanetto Po Vercelli Piemonte 1079
6%
Fontaniva Padova Veneto 7918
6%
Fontecchio L'Aquila Abruzzo 293
6%
Fontechiari Frosinone Lazio 1246
6%
Fontevivo Parma Emilia-Romagna 5624
6%
Fonzaso Belluno Veneto 3082
6%
Forano Rieti Lazio 3024
6%
Forenza Potenza Basilicata 1901
6%
Forino Avellino Campania 5162
6%
Forlì del Sannio Isernia Molise 646
6%
Formazza Verbano-Cusio-Ossola Piemonte 445
6%
Formigliana Vercelli Piemonte 495
6%
Fornelli Isernia Molise 1826
6%
Forni Avoltri Udine Friuli-Venezia Giulia 531
6%
Forni di Sopra Udine Friuli-Venezia Giulia 911
6%
Forni di Sotto Udine Friuli-Venezia Giulia 557
6%
Forno Canavese Torino Piemonte 3271
6%
Fornovo San Giovanni Bergamo Lombardia 3393
6%
Fortunago Pavia Lombardia 356
6%
Forza d'Agrò Messina Sicilia 883
6%
Fosciandora Lucca Toscana 567
6%
Fosdinovo Massa-Carrara Toscana 4629
6%
Fossalta di Piave Venezia Veneto 4150
6%
Fossalta di Portogruaro Venezia Veneto 5833
6%
Fraconalto Alessandria Piemonte 305
6%
Fragneto l'Abate Benevento Campania 979
6%
Fragneto Monforte Benevento Campania 1698
6%
Fraine Chieti Abruzzo 280
6%
Framura Spezia Liguria 632
6%
Francavilla Angitola Vibo Valentia Calabria 1827
6%
Francavilla Bisio Alessandria Piemonte 502
6%
Francavilla Marittima Cosenza Calabria 2814
6%
Francica Vibo Valentia Calabria 1610
6%
Frascaro Alessandria Piemonte 433
6%
Frascarolo Pavia Lombardia 1107
6%
Frascineto Cosenza Calabria 1932
6%
Frassinello Monferrato Alessandria Piemonte 474
6%
Frassineto Po Alessandria Piemonte 1371
6%
Frassinoro Modena Emilia-Romagna 1801
6%
Frasso Sabino Rieti Lazio 727
6%
Fratta Todina Perugia Umbria 1823
6%
Frazzanò Messina Sicilia 601
6%
Fregona Treviso Veneto 2819
6%
Fresagrandinaria Chieti Abruzzo 908
6%
Fresonara Alessandria Piemonte 624
6%
Frigento Avellino Campania 3484
6%
Frinco Asti Piemonte 733
6%
Frisanco Pordenone Friuli-Venezia Giulia 571
6%
Frosolone Isernia Molise 2889
6%
Frossasco Torino Piemonte 2841
6%
Frugarolo Alessandria Piemonte 1885
6%
Fubine Monferrato Alessandria Piemonte 1579
6%
Fuipiano Valle Imagna Bergamo Lombardia 206
6%
Furci Chieti Abruzzo 851
6%
Furci Siculo Messina Sicilia 3205
6%
Furtei Cagliari Sardegna 1542
6%
Fanano Modena Emilia-Romagna 2951
0%
Fano Adriano Teramo Abruzzo 261
0%
Fara Olivana con Sola Bergamo Lombardia 1313
0%
Fardella Potenza Basilicata 559
0%
Farigliano Cuneo Piemonte 1694
0%
Farindola Pescara Abruzzo 1363
0%
Farini Piacenza Emilia-Romagna 1078
0%
Farnese Viterbo Lazio 1385
0%
Farra di Soligo Treviso Veneto 8521
0%
Farra d'Isonzo Gorizia Friuli-Venezia Giulia 1698
0%
Fauglia Pisa Toscana 3647
0%
Faule Cuneo Piemonte 467
0%
Favale di Malvaro Genova Liguria 434
0%
Favria Torino Piemonte 5122
0%
Feisoglio Cuneo Piemonte 297
0%
Fenegrò Como Lombardia 3180
0%
Ferentillo Terni Umbria 1820
0%
Feroleto Antico Catanzaro Calabria 1982
0%
Feroleto della Chiesa Reggio Calabria Calabria 1517
0%
Ferrera di Varese Varese Lombardia 702
0%
Ferrera Erbognone Pavia Lombardia 1079
0%
Ferrere Asti Piemonte 1529
0%
Ferruzzano Reggio Calabria Calabria 771
0%
Fiamignano Rieti Lazio 1215
0%
Fiesco Cremona Lombardia 1186
0%
Figino Serenza Como Lombardia 5030
0%
Figline Vegliaturo Cosenza Calabria 1116
0%
Filacciano Roma Lazio 457
0%
Filago Bergamo Lombardia 3133
0%
Filandari Vibo Valentia Calabria 1758
0%
Filattiera Massa-Carrara Toscana 2209
0%
Filiano Potenza Basilicata 2800
0%
Filighera Pavia Lombardia 811
0%
Filignano Isernia Molise 584
0%
Filogaso Vibo Valentia Calabria 1317
0%
Fino del Monte Bergamo Lombardia 1119
0%
Fino Mornasco Como Lombardia 9803
0%
Fiorano al Serio Bergamo Lombardia 2947
0%
Fiorano Canavese Torino Piemonte 751
0%
Fiumalbo Modena Emilia-Romagna 1196
0%
Fiumedinisi Messina Sicilia 1294
0%
Fiume Veneto Pordenone Friuli-Venezia Giulia 11786
0%
Fiumicello Villa Vicentina Udine Friuli-Venezia Giulia 6275
0%
Fiuminata Macerata Marche 1288
0%
Flaibano Udine Friuli-Venezia Giulia 1097
0%
Florinas Sassari Sardegna 1466
0%
Fluminimaggiore Cagliari Sardegna 2685
0%
Flussio Oristano Sardegna 437
0%
Fobello Vercelli Piemonte 185
0%
Fogliano Redipuglia Gorizia Friuli-Venezia Giulia 2977
0%
Foglizzo Torino Piemonte 2255
0%
Fombio Lodi Lombardia 2265
0%
Fondachelli-Fantina Messina Sicilia 1008
0%
Fonni Nuoro Sardegna 3752
0%
Fontainemore Aosta Valle d'Aosta 433
0%
Fontanelice Bologna Emilia-Romagna 1945
0%
Fontanellato Parma Emilia-Romagna 7013
0%
Fontaneto d'Agogna Novara Piemonte 2579
0%
Fontanigorda Genova Liguria 258
0%
Fordongianus Oristano Sardegna 861
0%
Forgaria nel Friuli Udine Friuli-Venezia Giulia 1714
0%
Fossato di Vico Perugia Umbria 2650
0%
Fossato Serralta Catanzaro Calabria 571
0%
Frabosa Soprana Cuneo Piemonte 743
0%
Frabosa Sottana Cuneo Piemonte 1588
0%
Nessun quiz corrispondente trovato
Distribuzione punteggi
Percentuale di utenti per punteggio
Percentile per numero di risposta
I tuoi punteggi nel tempo
Non hai fatto questo quiz